|
|
|
|
| LEADER |
01150nam a2200253 a 4500 |
| 001 |
4203915 |
| 008 |
091022s1979 bg b 001 0 eng d |
| 010 |
|
|
|a \\\80900113
|
| 040 |
|
|
|a DLC
|c DLC
|d DLC
|
| 082 |
0 |
0 |
|a 342.549/2/029
|2 19
|
| 100 |
1 |
|
|a Ahmed, Moudud.
|
| 245 |
1 |
0 |
|a Bangladesh :
|b constitutional quest for autonomy, 1950-1971 /
|c Moudud Ahmed.
|
| 260 |
|
|
|a Dhaka :
|b University Press,
|c 1979.
|
| 300 |
|
|
|a vi, 312 p. ;
|c 22 cm.
|
| 504 |
|
|
|a Includes bibliographical references and index.
|
| 500 |
|
|
|a Appendix includes legislation.
|
| 541 |
1 |
|
|e 00008349
|
| 650 |
|
0 |
|a Constitutional history
|z Bangladesh.
|
| 651 |
|
0 |
|a Bangladesh
|x Politics and government.
|
| 651 |
|
0 |
|a Pakistan
|x Politics and government.
|
| 852 |
4 |
|
|a Ayesha Abed Library
|j General shelf
|
| 999 |
|
|
|c 4794
|d 4794
|
| 952 |
|
|
|0 0
|1 0
|2 ddc
|4 0
|6 342_549202900000000_AHM_1979
|7 0
|9 4603
|a BRACUL
|b BRACUL
|c GEN
|d 2009-10-24
|g 275.00
|l 6
|m 17
|o 342.5492029 AHM
|p 3010008349
|r 2025-10-23
|s 2025-10-13
|t 1
|v 550.00
|w 2009-10-24
|y BK
|
| 952 |
|
|
|0 0
|1 0
|2 ddc
|4 0
|6 342_549000000000000_2_029_AHM
|7 0
|9 54795
|a SCL
|b SCL
|c GEN
|d 2015-07-06
|g 358.00
|l 7
|m 3
|o 342.5492029 AHM
|p 3020007238
|r 2024-09-18
|s 2024-09-09
|t 2
|w 2015-07-06
|y BK
|